Detalles MARC
| 000 -LEADER |
| fixed length control field |
01780nam a2200421Ii 4500 |
| 001 - CONTROL NUMBER |
| control field |
DIGBIN01521 |
| 003 - CONTROL NUMBER IDENTIFIER |
| control field |
NyNyDIG |
| 006 - FIXED-LENGTH DATA ELEMENTS--ADDITIONAL MATERIAL CHARACTERISTICS |
| fixed length control field |
m o d |
| 007 - PHYSICAL DESCRIPTION FIXED FIELD--GENERAL INFORMATION |
| fixed length control field |
cr ||||||||||| |
| 008 - FIXED-LENGTH DATA ELEMENTS--GENERAL INFORMATION |
| fixed length control field |
051013s2002 sp ob 000 0 spa d |
| 020 ## - INTERNATIONAL STANDARD BOOK NUMBER |
| Canceled/invalid ISBN |
8497420381 |
| 020 ## - INTERNATIONAL STANDARD BOOK NUMBER |
| Canceled/invalid ISBN |
9788497420389 |
| 035 ## - SYSTEM CONTROL NUMBER |
| System control number |
(OCoLC)680416292 |
| 040 ## - CATALOGING SOURCE |
| Original cataloging agency |
DGITA |
| Language of cataloging |
eng |
| Description conventions |
pn |
| Transcribing agency |
DGITA |
| 041 1# - LANGUAGE CODE |
| Language code of text/sound track or separate title |
spa |
| Language code of original |
eng |
| 050 14 - LIBRARY OF CONGRESS CALL NUMBER |
| Classification number |
HQ32 eBook |
| 100 1# - MAIN ENTRY--PERSONAL NAME |
| Personal name |
Bentham, Jeremy, |
| Dates associated with a name |
1748-1832 |
| 240 10 - UNIFORM TITLE |
| Uniform title |
Offences Against One's Self. |
| Language of a work |
Spanish |
| 245 10 - TITLE STATEMENT |
| Title |
De los delitos contra uno mismo / |
| Statement of responsibility, etc. |
Jemery Bentham ; ed. Francisco Vázquez García y José Luis Tasset Carmona. |
| 264 #1 - PRODUCTION, PUBLICATION, DISTRIBUTION, MANUFACTURE, AND COPYRIGHT NOTICE |
| Place of production, publication, distribution, manufacture |
Madrid : |
| Name of producer, publisher, distributor, manufacturer |
Biblioteca Nueva, |
| Date of production, publication, distribution, manufacture, or copyright notice |
2002. |
| 300 ## - PHYSICAL DESCRIPTION |
| Extent |
1 online resource (126 pages) |
| 336 ## - CONTENT TYPE |
| Content type term |
text |
| Content type code |
txt |
| Source |
rdacontent |
| 337 ## - MEDIA TYPE |
| Media type term |
computer |
| Media type code |
c |
| Source |
rdamedia |
| 338 ## - CARRIER TYPE |
| Carrier type term |
online resource |
| Carrier type code |
cr |
| Source |
rdacarrier |
| 490 1# - SERIES STATEMENT |
| Series statement |
Clásicos del pensamiento ; |
| Volume/sequential designation |
21. |
| 500 ## - GENERAL NOTE |
| General note |
Translation of: Offences Against One's Self written about 1785 and first published in Journal of Homosexuality, v.3(4), Summer 1978, p.389-405; and v.4 (1) Fall,1978, p.91-107. |
| 504 ## - BIBLIOGRAPHY, ETC. NOTE |
| Bibliography, etc. note |
Includes bibliographical references (p. 42-46, Bentham's works including Spanish and Catalan translations (p. 47-56), and chronology (p. 57) por José Luis Tasset Carmona. |
| 650 #0 - SUBJECT ADDED ENTRY--TOPICAL TERM |
| Topical term or geographic name entry element |
Homosexuality |
| Form subdivision |
Early works to 1800. |
| 655 #0 - INDEX TERM--GENRE/FORM |
| Genre/form data or focus term |
Electronic books. |
| 700 1# - ADDED ENTRY--PERSONAL NAME |
| Personal name |
Vázquez García, Francisco. |
| 700 1# - ADDED ENTRY--PERSONAL NAME |
| Personal name |
Tasset Carmona, José Luis. |
| 791 2# - |
| -- |
Digitalia (Firm), |
| -- |
distributor. |
| 793 0# - |
| -- |
Digitalia eBook Collection: |
| -- |
Biblioteca Nueva |
| 830 #0 - SERIES ADDED ENTRY--UNIFORM TITLE |
| Uniform title |
Clásicos del pensamiento (Biblioteca Nueva (Firm)) ; |
| Volume/sequential designation |
21. |
| 856 40 - ELECTRONIC LOCATION AND ACCESS |
| Materials specified |
Digitalia Hispánica |
| Uniform Resource Identifier |
<a href="https://www.digitaliapublishing.com/a/4887/">https://www.digitaliapublishing.com/a/4887/</a> |
| 910 ## - USER-OPTION DATA (OCLC) |
| User-option data |
Premium Collection: 2007-2012 |
| 942 ## - ADDED ENTRY ELEMENTS (KOHA) |
| Koha item type |
Recurso Electrónico |